Obliekame Janíčka vystrihovánka

Bibliographic Details
Main Author: Prokopová, Mária (Author)
Other Authors: Kolářová-Chudá, Anna (Illustrator)
Format: Photo
Language:Slovak
English
PhysicalDescription:1 skladačka ([6] s.) ilustr. 21 cm
Published: Nitra Paleta [2006]
ISBN:8085555514 (brož.)
Edition:[1. vyd.]
Subjects:

MARC

LEADER 00000nkm a2200000 a 4500
001 vtls008993880
003 SK-MaSNL
005 20260426002221.0
007 kj coo
008 200701s2006 xo a kzslo
015 |a SNBG2008/01-00100 
020 |a 8085555514 (brož.)  |z 80855555336 
040 |a SNK  |b slo  |c SNK  |e AACR2 
041 0 |a slo  |a eng 
044 |a xo  |c SK 
072 7 |a 821-93  |x Literatúra pre deti a mládež  |2 konspekt 
072 7 |a 811.111  |x Angličtina  |2 konspekt 
080 |a 81'373  |2 2001 
080 |a 821-93  |2 2001 
080 |a (0.029)  |2 2001 
100 1 |a Prokopová, Mária  |4 aut  |9 46431 
245 1 0 |a Obliekame Janíčka  |h grafika  |b vystrihovánka  |c text: Mária Prokopová ; ilustrovala Anna Kolářová-Chudá 
246 1 1 |a Dressing Johny 
250 |a [1. vyd.] 
260 |a Nitra  |b Paleta  |c [2006] 
300 |a 1 skladačka ([6] s.)  |b ilustr.  |c 21 cm 
650 0 7 |a slovná zásoba  |2 SNKPH  |9 66837 
650 0 7 |a angličtina  |2 SNKPH  |9 1260 
655 7 |a vystrihovačky  |2 SNKPH  |9 70716 
655 7 |a publikácie pre deti  |2 SNKPH  |9 70148 
700 1 |a Kolářová-Chudá, Anna  |4 ill  |9 44876 
919 |a 80-85555-51-4 
958 |a GBN 
999 |c 913097  |d 915027 
952 |a SNK  |b SNK  |y PREZ  |7 0  |p 17A0552483  |o snkOSC 23943  |i snk2007/13920  |8 0  |0 0  |1 0  |4 0  |d 2007-05-29  |l 0  |r 2026-02-24 07:49:51  |w 2026-02-24 
952 |a SNK  |b SNK  |y PREZ  |7 0  |p 17A0552482  |o snkOSC 23943 D1  |i snk2007/13921  |8 0  |0 0  |1 0  |4 0  |d 2007-05-29  |l 0  |r 2026-02-24 07:49:51  |w 2026-02-24